[Event "Madrid Los Angeles op 10th"]
[Site "Madrid"]
[Date "2016.05.15"]
[Round "6"]
[White "Aziz Ortego, Omar Luis"]
[Black "Andalon Gomez, Carlos Jesus"]
[Result "0-1"]
[WhiteElo "2030"]
[BlackElo "2000"]
[PlyCount "56"]
[EventDate "2016.04.03"]
[EventType "swiss"]
[EventRounds "9"]
[EventCountry "ESP"]
[SourceTitle "CBM 172 Extra"]
[Source "ChessBase"]
[SourceDate "2016.06.21"]
[SourceVersion "1"]
[SourceVersionDate "2016.06.21"]
[SourceQuality "1"]

1. e4 c6 2. d4 d5 3. e5 Bf5 4. h4 Qb6 5. Nc3 h5 6. f3 Nh6 7. Rb1 e6 8. Be3 c5 9. Qd2 cxd4 10. Bxd4 Qd8 11. Qf2 Nc6 12. Bb5 a6 13. Bxc6+ bxc6 14. a3 Be7 15. g3 0-0 16. Rh2 Qc7 17. Qe2 c5 18. Bf2 f6 19. exf6 Bxf6 20. Nd1 d4 21. Rg2 c4 22. Rc1 Qc6 23. Qd2 e5 24. c3 e4 25. cxd4 exf3 26. Rh2 Ng4 27. Rh1 Rfe8+ 28. Kf1 c3 0-1

[Event "Madrid Los Angeles op 10th"]
[Site "Madrid"]
[Date "2016.04.10"]
[Round "2"]
[White "Rodriguez Nieto, Miguel Angel"]
[Black "Aziz Ortego, Omar Luis"]
[Result "0-1"]
[WhiteElo "1725"]
[BlackElo "2030"]
[PlyCount "76"]
[EventDate "2016.04.03"]
[EventType "swiss"]
[EventRounds "9"]
[EventCountry "ESP"]
[SourceTitle "CBM 172 Extra"]
[Source "ChessBase"]
[SourceDate "2016.06.21"]
[SourceVersion "1"]
[SourceVersionDate "2016.06.21"]
[SourceQuality "1"]

1. Nf3 d6 2. b3 e5 3. d3 f5 4. e3 Nf6 5. g3 g6 6. Bb2 Bg7 7. Nbd2 0-0 8. Rb1 c5 9. Bg2 Nc6 10. 0-0 Kh8 11. c3 Be6 12. Rc1 Bg8 13. Qc2 Rc8 14. Qb1 h6 15. Qa1 g5 16. Rfd1 Bh7 17. d4 cxd4 18. exd4 e4 19. Ne1 d5 20. Nc2 f4 21. a3 Bf5 22. c4 f3 23. Bh1 Qd7 24. Ne3 Ne7 25. Ndf1 Be6 26. Rc2 Rc7 27. Rdc1 Rfc8 28. Nd2 Bg8 29. a4 Nf5 30. Ndf1 Nxe3 31. Nxe3 Bf8 32. Qb1 Bg7 33. a5 Ng4 34. cxd5 Nxe3 35. fxe3 Bxd5 36. b4 Bf8 37. Ba3 g4 38. Kf2 Bd6 0-1